LIBRARY & INFORMATION CENTRE, KCAET, TAVANUR

ONLINE PUBLIC ACCESS CATALOGUE (OPAC)

Kadalkkakkakal / (Record no. 5088)

MARC details
000 -LEADER
fixed length control field 00435cam a2200169ua 4500
041 ## - LANGUAGE CODE
Language code of text/sound track or separate title mal
082 ## - DEWEY DECIMAL CLASSIFICATION NUMBER
Classification number 894.8121
Item number SRE/KA
100 ## - MAIN ENTRY--AUTHOR NAME
Personal name Sreedhara Menon, Vailoppilli.
245 ## - TITLE STATEMENT
Title Kadalkkakkakal /
260 ## - PUBLICATION, DISTRIBUTION, ETC. (IMPRINT)
Place of publication Eranakulam :
Name of publisher V Govindankutty Menon ,
Year of publication 1964.
300 ## - PHYSICAL DESCRIPTION
Number of Pages 135 ; .
942 ## - ADDED ENTRY ELEMENTS (KOHA)
Koha item type Books
Holdings
Withdrawn status Lost status Damaged status Home library Current library Date acquired Full call number Accession Number Koha item type Public note
Withdrawn     KAUAET KAUAET 07/04/2012 894.8121 4707 A Books Deleted
free website counter